000 00513nam a2200205Ia 4500
003 OSt
005 20220928144225.0
006 a|||||r|||| 00| 0
007 ta
008 220927b |||||||| |||| 00| 0 eng d
024 _a63670
037 _cTextual
040 _aSDCL
_cSDCL
_beng
041 _2eng
_aeng
082 _aD65151, M 5
100 _aHayes
_9507419
245 0 _aDigital system design and microprocessors.
942 _hD65151, M 5
_cTEXL
_2CC
999 _c826786
_d826786